| 000 | 00845nam a22002537a 4500 | ||
|---|---|---|---|
| 005 | 20210416051710.0 | ||
| 008 | 201110s2019 ||||| |||| 00| 0 eng d | ||
| 020 | _a9781506236520 | ||
| 040 |
_aeng _cDLC |
||
| 041 | _aeng | ||
| 080 |
_a616-097 _bK-20 |
||
| 245 |
_aUSMLE: Step 1 _b: Lecture Notes 2019, Immunology and Microbiology _c/ by Kaplan Medical: Edited by Tiffany L. Alley PhD, Kim Moscatello PhD, Christopher C. Keller PhD |
||
| 260 |
_aNew York _bKaplan Medical _c2019 |
||
| 300 | _a511 pages | ||
| 650 | 0 |
_978 _aImmunology |
|
| 650 | 0 |
_972 _aUSMLE STEP 1 |
|
| 650 | 0 |
_979 _aMicrobiology |
|
| 653 | _aიმუნოლოგია | ||
| 653 | _aმიკრობიოლოგია | ||
| 700 |
_928 _aAlley, L. Tiffany PhD |
||
| 710 |
_929 _aMoscatello, Kim PhD |
||
| 711 |
_930 _aKeller, C. Christopher PhD |
||
| 942 |
_2udc _cBK |
||
| 999 |
_c102 _d102 |
||